Procesos y materiales de manufactura para ingenieros

Enregistré dans:
Détails bibliographiques
Auteurs principaux: Doyle, Lawrence E (Auteur), Keyser, Carl A (Auteur)
Format: Livre
Langue:espagnol
Publié: Ciudad de México Prentice-Hall Hispanoamericana 1988
Édition:3a. ed
Sujets:
Tags: Ajouter un tag
Pas de tags, Soyez le premier à ajouter un tag!

MARC

LEADER 00000nam a2200000 a 4500
001 UCW2209
003 CL-VaPUC
008 930413e19880000MX |||||||||||||||||spa|d
082 0 4 |a 671  |b DOY  |2 21 
100 0 |a Doyle, Lawrence E  |e author  |9 306164 
700 |a Keyser, Carl A  |e author  |9 362335 
245 1 0 |a Procesos y materiales de manufactura para ingenieros 
250 |a 3a. ed 
300 |a 1041 p 
942 |c BK 
945 |d 19930413 00:00:00 
260 |a Ciudad de México  |b Prentice-Hall Hispanoamericana  |c 1988 
650 0 |a Procesos de manufactura  |9 259371 
650 0 |a Metalurgia  |9 263720 
650 0 |a Manufacturas  |9 271925 
583 |a last modification  |c 19930413 00:00:00  |k Rodrigo Vera 
999 |c 216809  |d 216807